000 00931nam a2200265 a 4500
001 000025665
005 20200930023944.0
008 110216s1966 sp r 000 easpa d
082 _aU864.3
_bR695a
100 1 _aRodó, José Enrique,
_952413
245 1 0 _aAriel /
_cJosé Enrique Rodó; selección, prólogo y notas de José Pereira Rodríguez ; edición dirigida por María Hortensia Lacau.
250 _a2a ed.
260 _aBuenos Aires :
_bKapeluzg,
_c1966.
300 _aXLI, 112 p. ;
_c16 cm.
490 1 _aMoreno
_v372
500 _aIncluye notas al pie de páginas
590 _aPerteneció a la biblioteca personal de Juan Isidro Jimenes Grullón
650 4 _aEnsayo uruguayo
_952414
650 4 _aLiteratura uruguaya
_93054
700 1 _aPereira Rodríguez, José,
_epról.
_952415
700 1 _aLacau, María Hortensia ,
_eed.
_95364
830 0 _aMoreno,
_v372
_949887
049 _aBNGR
999 _c25157
_d25157
040 _aDO-SdBNP